000 01876nam a2200265Ia 4500
008 260220t2003||||xx |||||||||||||| ||spa||
020 _a9992586966
040 _aPY-SlUNAC
_bspa
_erda
041 _aspa
082 _a301.989 2
_bN164n
245 0 _aNarración Ava Guaraní :
_bde las comunidades indígenas de Arroyo Guazu, Akaraymi, Kirito, Pilkokue y Jukyry
250 _aPrimera edición
264 _aAsunción :
_bUniversidad Evangélica del Paraguay,
_c℗2003.
300 _a137 páginas
490 _aAva Guarani Ayvu ;
_vnúmero 13
520 _aEl libro "Narración Ava Guaraní de las comunidades indígenas de Arroyo Guazu, Sksrsymi, Kirito", publicado por Etigraf en 2003, ofrece una profunda exploración de la cultura y las tradiciones de las comunidades indígenas Ava Guaraní en Paraguay. A través de relatos orales, el texto documenta las historias, mitos y prácticas cotidianas de estos pueblos, resaltando la riqueza de su lengua y su cosmovisión. La obra no solo se centra en las narraciones, sino que también reflexiona sobre la importancia de la oralidad y la transmisión intergeneracional del conocimiento. El autor destaca la relación simbiótica entre la naturaleza y la identidad cultural de los Ava Guaraní, subrayando cómo sus creencias y relatos reflejan un profundo respeto por el entorno. Esta recopilación se presenta como un recurso valioso para entender la diversidad cultural de Paraguay y la resistencia de las comunidades indígenas ante los desafíos contemporáneos, contribuyendo así al reconocimiento y preservación de su patrimonio cultural.
653 _aAntropología
653 _aCultura indígena
653 _aLiteratura indígena
942 _b2026/02/17
_cBK
999 _c6923
_d6923